Elements of statistical thermodynamics (Record no. 35384)

MARC details
000 -LEADER
fixed length control field 00308nam a2200121Ia 4500
082 ## - DEWEY DECIMAL CLASSIFICATION NUMBER
Classification number 536.7
Item number NAS
100 ## - MAIN ENTRY--AUTHOR NAME
Personal name Nash, Leonard K
245 #0 - TITLE STATEMENT
Title Elements of statistical thermodynamics
250 ## - EDITION STATEMENT
Edition statement Ed.2
260 ## - PUBLICATION, DISTRIBUTION, ETC. (IMPRINT)
Place of publication London
Name of publisher Addison Wesley
Year of publication d1972
942 ## - ADDED ENTRY ELEMENTS (KOHA)
Koha item type Books
Holdings
Withdrawn status Lost status Damaged status Not for loan Home library Current library Date acquired Cost, normal purchase price Full call number Accession Number Koha item type
        RRII Library RRII Library 16/12/2021 5.50 536.7 NAS 15809 Books